000 00558nam a2200241Ia 4500
003 OSt
005 20220924142816.0
006 a|||||r|||| 00| 0
007 ta
008 ASM
020 _c04
024 _a303411
037 _cTextual
040 _aARTS
_cARTS
_bASM
041 _2ASM
_aASM
082 _aO158,3xN, M1
100 _aChoudhury S. C.
_9214124
245 0 _aDronacharyya
260 _c1981
650 _aASSAMESE LITERATURE
_911738
942 _hO158,3xN, M1
_cTEXL
_2CC
999 _c452068
_d452068